000 00622nam a2200181Ia 4500
008 090124s9999 xx 000 0 und d
082 _b127696
100 _aलेले रा.के.
245 _a मराठी वृत्तपत्रांचा इतिहास
250 _a1
260 _c1994
300 _a1111
600 _aलेले रा.के.
630 _a मराठी वृत्तपत्रांचा इतिहास
700 _aलेले रा.के.
730 _a मराठी वृत्तपत्रांचा इतिहास
942 _cBOOK
999 _c173785
_d173785